[Event "Chess24 Banter QualE 2020"]
[Site "chess24.com INT"]
[Date "2020.09.12"]
[Round "3.5"]
[Board "1"]
[White "Bluebaum, Matthias"]
[Black "Tang, Andrew"]
[Result "1-0"]
[WhiteTitle "GM"]
[BlackTitle "GM"]
[WhiteElo "2660"]
[BlackElo "2538"]
[WhiteFideId "24651516"]
[BlackFideId "2059630"]
[EventDate "2020.09.10"]

1. d4 d5 2. c4 e6 3. Nc3 Be7 4. cxd5 exd5 5. Bf4 c6 6. Qc2 Nf6 7. h3 Ne4 8. e3
Qa5 9. a3 Bf5 10. Bd3 Na6 11. Ra2 Nxc3 12. bxc3 Bxd3 13. Qxd3 O-O 14. Nf3 Nc7
15. Bxc7 Qxc7 16. O-O Bd6 17. a4 Qe7 18. c4 dxc4 19. Qxc4 Rac8 20. Re1 Rfd8 21.
e4 Rd7 22. Rae2 Bb4 23. Rd1 Ba5 24. g3 Rcd8 25. Kg2 Qb4 26. Qa2 Bb6 27. Red2 Re7
28. Qc2 h6 29. h4 Rde8 30. Re2 Rd8 31. Red2 Ba5 32. Rb1 Qd6 33. Re2 Qg6 34. Qc5
Rxe4 35. Rxe4 Qxe4 36. Qxa5 Rd5 37. Qe1 Qc2 38. Rxb7 Rf5 39. Qe8+ Kh7 40. Rxf7 1-0

[Event "Chess24 Banter QualE 2020"]
[Site "chess24.com INT"]
[Date "2020.09.12"]
[Round "3.6"]
[Board "1"]
[White "Tang, Andrew"]
[Black "Bluebaum, Matthias"]
[Result "0-1"]
[WhiteTitle "GM"]
[BlackTitle "GM"]
[WhiteElo "2538"]
[BlackElo "2660"]
[WhiteFideId "2059630"]
[BlackFideId "24651516"]
[EventDate "2020.09.10"]

1. d4 d5 2. Nf3 Nf6 3. Bf4 c5 4. e3 Nc6 5. Nbd2 cxd4 6. exd4 Qb6 7. Nb3 Bf5 8.
a4 a6 9. c3 e6 10. Be2 h6 11. O-O Be7 12. h3 O-O 13. Re1 Nd7 14. a5 Qd8 15. Bd3
Bxd3 16. Qxd3 b6 17. axb6 Qxb6 18. Nbd2 a5 19. Ra2 Rfc8 20. Rea1 Ra7 21. b3 Rca8
22. h4 Bd8 23. g3 Bc7 24. Be3 Rb8 25. Ra4 Rab7 26. Kg2 Qb5 27. Qc2 Qb6 28. Qd3
Qb5 29. Qb1 Qb6 30. Qc2 Nf6 31. Qd3 Ng4 32. Ne1 Qb5 33. Kf3 Nge5+ 34. dxe5 Nxe5+
35. Ke2 Nxd3 36. Nxd3 e5 37. c4 dxc4 38. Rxc4 Bb6 39. Bxb6 Qxb6 40. Rc5 e4 41.
Nxe4 Re8 42. f3 Qxb3 43. Raxa5 Rd7 44. Ne5 Qd1+ 45. Ke3 Qe1+ 46. Kf4 Rde7 47.
Ra4 Rxe5 48. Rxe5 Qc1+ 49. Kf5 Qc8+ 50. Kf4 Rxe5 51. Nd6 Qe6 0-1

[Event "Chess24 Banter QualE 2020"]
[Site "chess24.com INT"]
[Date "2020.09.12"]
[Round "3.7"]
[Board "1"]
[White "Bluebaum, Matthias"]
[Black "Tang, Andrew"]
[Result "1-0"]
[WhiteTitle "GM"]
[BlackTitle "GM"]
[WhiteElo "2660"]
[BlackElo "2538"]
[WhiteFideId "24651516"]
[BlackFideId "2059630"]
[EventDate "2020.09.10"]

1. d4 d5 2. c4 e6 3. Nc3 Nf6 4. cxd5 exd5 5. Bg5 Be7 6. e3 c6 7. Bd3 Nbd7 8. h3
Nf8 9. Nf3 Ne6 10. Bh4 O-O 11. Rb1 a5 12. a3 g6 13. O-O Ng7 14. b4 axb4 15. axb4
Bf5 16. b5 Ra3 17. Bxf5 Nxf5 18. Bxf6 Bxf6 19. Rb3 Qa5 20. bxc6 bxc6 21. Rxa3
Qxa3 22. Qa1 Qb4 23. Rc1 Nd6 24. Ne1 Nc4 25. Nd3 Qd6 26. Qa7 Re8 27. Qc5 Qd7 28.
Ra1 Be7 29. Qa7 Qf5 30. Nf4 Bd6 31. Nfe2 Qf6 32. Qb7 Rb8 33. Ra8 Rxa8 34. Qxa8+
Kg7 35. Qe8 Nb2 36. Nc1 Bb4 37. N3e2 Bd6 38. g3 Bc7 39. Nf4 Bxf4 40. gxf4 Nc4
41. Nd3 Nd2 42. Kg2 Ne4 43. Qe5 Qxe5 44. Nxe5 c5 45. f3 Nd6 46. dxc5 Nc4 47.
Nxc4 dxc4 48. Kf2 Kf6 49. e4 g5 50. Ke3 gxf4+ 51. Kd4 Ke6 52. Kxc4 Kd7 53. Kd5
Kc7 54. Ke5 Kc6 1-0